[Event "III  Wielkopolska  Liga  Seniorow   2013/2014"]
[Site "Wielkopolska "]
[Date "1899-12-30"]
[Round "2.21"]
[White "Bernat, Marcin"]
[Black "Paczka, Patryk"]
[Result "1/2-1/2"]
[WhiteTitle "k"]
[BlackTitle "II+"]
[WhiteElo "2120"]
[BlackElo "1807"]

1. d4 Nf6 2. c4 g6 3. Nc3 Bg7 4. e4 d6 5. f3 O-O 6. Nge2 Nbd7 7. Bg5 h6 8. Be3
c5 9. Qd2 Kh7 10. Rd1 Qa5 11. dxc5 dxc5 12. Nc1 a6 13. Be2 Qc7 14. Nb3 b6 15.
O-O Ne5 16. f4 Neg4 17. e5 Ng8 18. Nd5 Qa7 19. Bf3 Nxe3 20. Qxe3 e6 21. Nxb6 Rb8
22. Na4 Rb4 23. Qxc5 Qxc5+ 24. Nbxc5 Rxc4 25. Be2 Rb4 26. a3 Rb8 27. Nxa6 Bxa6
28. Bxa6 Ne7 29. Rd7 Nd5 30. b4 Kg8 31. Bb7 g5 32. g3 Ne3 33. Rc1 Rfd8 34. Rcc7
Rxd7 35. Rxd7 Nc4 36. Nc5 Nxa3 37. Na6 Re8 38. Bc6 Rc8 39. b5 Nc4 40. Bb7 Re8
41. Rd4 Nb6 42. Kf2 Re7 43. Rd8+ Bf8 44. Bc6 Ra7 45. Kf3 Kg7 46. Ke4 Be7 47. Rd4
Nc8 48. Rd3 Nb6 49. Rd4 Nc8 50. f5 exf5+ 51. Kxf5 Ba3 52. Nb8 Re7 53. Nd7 Bb2
54. Rb4 Bc3 55. Rb3 Bd4 56. Ke4 Bxe5 57. Kd5 Bc7 58. b6 Nxb6+ 59. Nxb6 Bxb6 60.
Rxb6 Re2 61. h3 Re3 62. g4 Rxh3 63. Ke4 Rh1 64. Rb7 Rf1 65. Bd7 Re1+ 66. Kf5 Rf1+
67. Ke5 Re1+ 68. Kf5 1/2-1/2

[Event "III  Wielkopolska  Liga  Seniorow   2013/2014"]
[Site "Wielkopolska "]
[Date "1899-12-30"]
[Round "2.22"]
[White "Palasz, Krzysztof"]
[Black "Skwarczynski, Marcin"]
[Result "0-1"]
[WhiteTitle "II"]
[BlackTitle "I"]
[WhiteElo "1813"]
[BlackElo "1998"]

1. d4 Nf6 2. c4 e6 3. Nf3 Bb4+ 4. Bd2 Bxd2+ 5. Nbxd2 d6 6. e3 O-O 7. Bd3 Nbd7 8.
O-O e5 9. b4 a5 10. a3 Re8 11. Qc2 Qe7 12. Ng5 h6 13. Nxf7 Qxf7 14. Bg6 Qe7 15.
Bxe8 Qxe8 16. c5 dxc5 17. dxc5 Nf8 18. Nc4 axb4 19. axb4 Rb8 20. Rfd1 Bd7 21.
Ra7 Qh5 22. Rda1 Ng6 23. Nb2 Bc6 24. Qd1 Qg5 25. e4 Bxe4 26. Qb3+ Kh7 27. Qg3
Qf5 28. f3 Nf4 29. Qf2 Bc6 30. Nc4 e4 31. Ne3 Qg6 32. Kh1 exf3 33. gxf3 Qh5 34.
Rf1 Nd3 35. Qg2 Ne5 36. Kg1 Nxf3+ 37. Rxf3 Qxf3 38. Qxf3 Bxf3 39. Kf2 Be4 40.
Ra4 Nd5 41. b5 Rf8+ 42. Ke1 Re8 43. Ra3 Nxe3 44. Rxe3 Bg6 45. Rxe8 Bxe8 46. b6
cxb6 47. cxb6 Bc6 0-1

[Event "III  Wielkopolska  Liga  Seniorow   2013/2014"]
[Site "Wielkopolska "]
[Date "1899-12-30"]
[Round "2.23"]
[White "Glatty, Zbigniew"]
[Black "Kowara, Magdalena"]
[Result "1/2-1/2"]
[WhiteTitle "I"]
[BlackTitle "I++"]
[WhiteElo "1918"]
[BlackElo "1877"]

1. e4 c5 2. Nf3 e6 3. d4 cxd4 4. Nxd4 a6 5. c4 Nf6 6. Nc3 Bb4 7. Bd3 Nc6 8. Nxc6
dxc6 9. Qc2 e5 10. a3 Be7 11. O-O O-O 12. b4 a5 13. Rb1 Qc7 14. c5 Be6 15. f4
axb4 16. axb4 b6 17. Na4 bxc5 18. bxc5 exf4 19. Bxf4 Qa5 20. Ra1 Qb4 21. Nc3 Bxc5+
22. Kh1 Bd4 23. Rac1 Ra3 24. Nb1 Rb3 25. Bd2 Qb6 26. Bc3 Ng4 27. Bxd4 Qxd4 28.
Rf3 Ne5 29. Be2 Nxf3 30. Bxf3 Rd8 31. Qxc6 Qb2 32. Qc7 Rbb8 33. Re1 Qxb1 34. Qxd8+
Rxd8 35. Rxb1 Kf8 36. Kg1 Ke7 37. Kf2 Kf6 38. Ke3 h6 39. Rb5 g6 40. e5+ Kg7 41.
Rb6 Bf5 42. Be4 Be6 43. Rd6 Rb8 44. h4 h5 45. Kf4 Rb5 46. Rd8 Ra5 47. Rb8 Rc5
48. Rd8 Rb5 49. Rd4 Rc5 50. Rd8 Rc4 51. Ke3 Rb4 52. Rd4 Rb5 53. Kf4 Ra5 54. Rd2
Ra4 55. Ke3 Ra3+ 56. Rd3 Ra4 57. Rd4 Ra5 58. Kf4 Rb5 59. Rd2 Rb3 60. Rd3 Rb5 61.
Rd2 Rb4 62. Ke3 Rb3+ 63. Rd3 Rb4 64. Rd4 Rb3+ 65. Rd3 Rxd3+ 66. Kxd3 Kf8 67. Kd4
Ke7 68. Ke3 Bb3 69. Kf4 Ke6 70. g3 Bc4 71. Bg2 Bd5 72. Bh3+ Ke7 73. Kg5 Bc4 1/2-1/2

[Event "III  Wielkopolska  Liga  Seniorow   2013/2014"]
[Site "Wielkopolska "]
[Date "1899-12-30"]
[Round "2.24"]
[White "Kaczmarek, Julia"]
[Black "Magnucka, Arleta"]
[Result "0-1"]
[WhiteTitle "I"]
[BlackTitle "k"]
[WhiteElo "1749"]
[BlackElo "1860"]

1. d4 d6 2. e4 Nf6 3. Nc3 g6 4. f4 Bg7 5. Nf3 O-O 6. e5 dxe5 7. fxe5 Nd5 8. Bc4
Nb6 9. Bb3 Nc6 10. a3 Bg4 11. O-O Bxf3 12. Qxf3 Qxd4+ 13. Be3 Nxe5 14. Qf2 Qg4
15. Rad1 Qc8 16. Bd4 e6 17. Qf4 Nbd7 18. Ne4 c5 19. Bc3 b5 20. h4 h5 21. Bxe5
Bxe5 22. Qg5 Bg7 23. c3 c4 24. Bc2 Ne5 25. Nf6+ Bxf6 26. Rxf6 Qc5+ 27. Kh1 Nd3
28. Qg3 Rad8 29. Rdf1 Qe5 30. Qf3 Rd7 31. Rxg6+ fxg6 32. Qxf8+ Kh7 33. Rf7+ Rxf7
34. Qxf7+ Kh6 35. Qf8+ Kh7 36. Qf7+ Kh6 37. Qf8+ Qg7 38. Qf3 Qd7 39. Qe3+ Kh7
40. b3 a6 41. bxc4 bxc4 42. Kh2 Qd6+ 43. g3 Ne5 44. Qe2 Ng4+ 45. Kg2 e5 46. Be4
Qxa3 47. Qd2 Qe7 48. Kf1 Nf6 49. Bf3 e4 50. Qc2 Qb7 51. Kg1 Ng4 52. Qd1 Nf2 0-1

[Event "III  Wielkopolska  Liga  Seniorow   2013/2014"]
[Site "Wielkopolska "]
[Date "1899-12-30"]
[Round "2.25"]
[White "Sroczynski, Maciej"]
[Black "Snihur, Piotr"]
[Result "1/2-1/2"]
[WhiteTitle "k"]
[BlackTitle "k"]
[WhiteElo "2274"]
[BlackElo "2133"]

1. d4 Nf6 2. Nf3 c5 3. d5 b5 4. Bg5 Ne4 5. Bh4 Bb7 6. Qd3 f5 7. Nbd2 Qa5 8. c3
c4 9. Qd4 b4 10. cxb4 Qxd5 11. Qxd5 Bxd5 12. e3 Nxd2 13. Nxd2 Nc6 14. a3 Ne5 15.
Rc1 1/2-1/2

[Event "III  Wielkopolska  Liga  Seniorow   2013/2014"]
[Site "Wielkopolska "]
[Date "1899-12-30"]
[Round "2.26"]
[White "Szadkowski, Krzysztof"]
[Black "Adamczewski, Maciej"]
[Result "1-0"]
[WhiteTitle "k"]
[BlackTitle "I"]
[WhiteElo "2161"]
[BlackElo "1858"]

1. e4 e6 2. Nf3 d5 3. exd5 exd5 4. d4 Bd6 5. c4 Nc6 6. Nc3 Bb4 7. Qb3 Bg4 8. cxd5
Bxf3 9. dxc6 Qe7+ 10. Be3 Bxc6 11. Bc4 Bxc3+ 12. bxc3 Bxg2 13. Rg1 Be4 14. Rxg7
Bg6 15. Qxb7 Rd8 16. Rxg8+ Rxg8 17. Kd2 Be4 18. Bb5+ c6 19. Bxc6+ Bxc6 20. Qxc6+
Qd7 21. Qe4+ Qe6 22. Qxe6+ fxe6 23. Bf4 Rf8 24. Ke3 Rd5 25. c4 Rxd4 26. Kxd4 Rxf4+
27. Ke5 Rxf2 28. Kxe6 Rxh2 29. Rb1 Re2+ 30. Kd6 Rd2+ 31. Kc6 Rxa2 32. c5 h5 33.
Kb7 Rc2 34. c6 Kd8 35. Rd1+ Ke7 36. c7 Rb2+ 37. Kxa7 Rc2 38. Kb8 Rb2+ 39. Kc8
Rc2 40. Rd5 h4 41. Rh5 Rc4 42. Rh6 Rb4 43. Rh8 Kf6 44. Kd7 Rc4 45. Rh6+ Kg5 46.
Rc6 Rd4+ 47. Ke7 Re4+ 48. Kf7 Rf4+ 49. Kg7 h3 50. c8=Q Kh4 51. Rh6+ Kg5 52. Rg6+
Kh4 53. Qh8# 1-0

[Event "III  Wielkopolska  Liga  Seniorow   2013/2014"]
[Site "Wielkopolska "]
[Date "1899-12-30"]
[Round "2.27"]
[White "Adamczewski, Jedrzej"]
[Black "Matlewski, Adam"]
[Result "1/2-1/2"]
[WhiteTitle "I"]
[BlackTitle "II+"]
[WhiteElo "1859"]
[BlackElo "1604"]

1. e4 c6 2. d4 d5 3. exd5 cxd5 4. Bd3 Nc6 5. c3 Nf6 6. h3 g6 7. Nf3 Bg7 8. Bf4
O-O 9. Nbd2 Bf5 10. Bxf5 gxf5 11. Ne5 e6 12. g4 Nxe5 13. Bxe5 fxg4 14. hxg4 Nd7
15. Bxg7 Kxg7 16. Qc2 Rh8 17. O-O-O Qg5 18. Qd3 Nf6 19. Rdf1 Qf4 20. Kb1 Ne4 21.
Nxe4 Qxe4 22. Qxe4 dxe4 23. Rh5 Raf8 24. g5 h6 25. gxh6+ Rxh6 26. Rg1+ Rg6 27.
Rxg6+ fxg6 28. Rh2 Rf5 29. Kc2 Rh5 30. Rg2 Kf6 31. c4 Rh3 32. Rg3 Rh2 33. Rb3
Rxf2+ 34. Kd1 b6 35. c5 bxc5 36. dxc5 Ke5 37. c6 Kd6 38. Rc3 Kc7 39. Kc1 g5 40.
a3 e5 41. b4 Rf3 42. Rc5 g4 43. Rxe5 g3 44. Rg5 Kxc6 45. a4 Rb3 46. b5+ Kb6 47.
Kd2 Ka5 48. b6+ Kxb6 49. a5+ Ka6 50. Ke2 g2 51. Kf2 Rb2+ 52. Ke3 g1=Q+ 53. Rxg1
Kxa5 54. Ra1+ Kb6 55. Kxe4 a5 56. Kd4 Rc2 57. Rb1+ Kc6 58. Kd3 Rc5 59. Rb3 Rc1
1/2-1/2

[Event "III  Wielkopolska  Liga  Seniorow   2013/2014"]
[Site "Wielkopolska "]
[Date "1899-12-30"]
[Round "2.28"]
[White "Leskiewicz, Ignacy"]
[Black "Janiszewski, Filip"]
[Result "0-1"]
[WhiteTitle "I"]
[BlackTitle "I"]
[WhiteElo "1624"]
[BlackElo "1797"]

1. e4 c5 2. Nf3 d6 3. d4 cxd4 4. Nxd4 Nf6 5. Nc3 a6 6. Bg5 e6 7. f4 h6 8. Bh4 Qb6
9. a3 Nc6 10. Bf2 Qc7 11. Be2 Be7 12. Qd2 Bd7 13. O-O Nxd4 14. Bxd4 Bc6 15. Bf3
Rg8 16. e5 Nd7 17. Rae1 O-O-O 18. Bxc6 Qxc6 19. Qf2 g5 20. Qf3 Qxf3 21. Rxf3 gxf4
22. Rxf4 dxe5 23. Bxe5 Bc5+ 24. Kf1 Nxe5 25. Rxe5 Bd4 26. Re2 Bxc3 27. bxc3 Rd1+
28. Kf2 f5 29. g3 Kd7 30. Rd4+ Rxd4 31. cxd4 Rc8 32. Kf3 Rc3+ 33. Re3 Rxc2 34.
h3 Rd2 35. Rb3 b5 36. Ke3 Rh2 37. h4 Rc2 38. Kf4 Kd6 39. g4 Rf2+ 40. Kg3 Rd2 41.
Rb4 Rd1 42. gxf5 exf5 43. a4 Kc6 44. axb5+ axb5 45. Kf4 Rf1+ 46. Ke5 f4 47. Rb2
f3 48. d5+ Kd7 49. Kf4 f2 50. Kf3 Rh1 51. Rxf2 Rxh4 52. Rb2 b4 53. Kg2 Kd6 54.
Rf2 h5 55. Kf3 Rc4 56. Rh2 h4 57. Re2 Kxd5 58. Re8 Kd4 59. Rd8+ Kc3 60. Ke3 b3
61. Rd3+ Kb2 62. Rd2+ Rc2 0-1

[Event "III  Wielkopolska  Liga  Seniorow   2013/2014"]
[Site "Wielkopolska "]
[Date "1899-12-30"]
[Round "2.29"]
[White "Sobiech, Krzysztof"]
[Black "Krol, Marcin"]
[Result "1/2-1/2"]
[WhiteTitle "II+"]
[BlackTitle "II"]
[WhiteElo "1805"]
[BlackElo "1523"]

1. d4 d5 2. c4 e6 3. Nc3 c6 4. e3 Nf6 5. Nf3 Bd6 6. Bd3 O-O 7. O-O Nbd7 8. e4 dxe4
9. Nxe4 Nxe4 10. Bxe4 Qc7 11. Qc2 Nf6 12. Bg5 Nxe4 13. Qxe4 Re8 14. c5 Be7 15.
Bf4 Qd8 16. Rfe1 Qd5 17. Qc2 b6 18. Re5 Qd7 19. Rae1 Ba6 20. R5e4 bxc5 21. dxc5
Rad8 22. Rd4 Qb7 23. Red1 Rd5 24. Rxd5 exd5 25. Re1 Rd8 26. Nd4 g6 27. Nf3 Bf6
28. b3 Qd7 29. Qd2 Re8 30. Qa5 Rxe1+ 31. Nxe1 Bc8 32. Qd2 Qe7 33. b4 Ba6 34. h3
Qe2 35. a4 Qxd2 36. Bxd2 Bc4 37. Bf4 Bc3 38. Nc2 Bb3 39. b5 cxb5 40. axb5 1/2-1/2

[Event "III  Wielkopolska  Liga  Seniorow   2013/2014"]
[Site "Wielkopolska "]
[Date "1899-12-30"]
[Round "2.30"]
[White "Momot, Weronika"]
[Black "Sokolowska, Anna"]
[Result "1-0"]
[WhiteTitle "I"]
[BlackTitle "I"]
[WhiteElo "1500"]
[BlackElo "1465"]

1. c4 e5 2. g3 Nf6 3. Nc3 Nc6 4. Bg2 Bc5 5. Nf3 d6 6. O-O O-O 7. a3 Be6 8. d3 a6
9. b4 Ba7 10. Bb2 Re8 11. Qc2 Qc8 12. Rfe1 Nd4 13. Nxd4 Bxd4 14. Ne4 Nxe4 15.
Bxe4 Bxb2 16. Qxb2 f5 17. Bg2 Rf8 18. c5 Rb8 19. cxd6 cxd6 20. Rac1 Qd7 21. Qc3
Rfc8 22. Qd2 h6 23. Rxc8+ Rxc8 24. Rc1 Rxc1+ 25. Qxc1 b6 26. Qc3 Bf7 27. Bf3 f4
28. gxf4 exf4 29. Qd4 Qc7 30. Qxf4 Qd8 31. Bb7 a5 32. bxa5 bxa5 33. Qf5 Qc7 34.
Qc8+ Qxc8 35. Bxc8 g5 36. e3 Bd5 37. e4 Bc6 38. Kg2 Kg7 39. Kg3 Kf6 40. f4 gxf4+
41. Kxf4 Bb5 42. d4 Bc4 43. e5+ dxe5+ 44. dxe5+ Kf7 45. Ke4 Ke7 46. Kd4 Bb5 47.
Kc5 Be8 1-0

[Event "III  Wielkopolska  Liga  Seniorow   2013/2014"]
[Site "Wielkopolska "]
[Date "1899-12-30"]
[Round "2.31"]
[White "Steczek, Marcin"]
[Black "Plonczak, Dominik"]
[Result "1/2-1/2"]
[WhiteTitle "FM"]
[BlackTitle "k"]
[WhiteElo "2373"]
[BlackElo "2216"]

1. d4 d5 2. Nf3 Nf6 3. c4 c6 4. Qc2 g6 5. Bf4 Bg7 6. e3 Bf5 7. Qb3 Qb6 8. Nbd2
Nbd7 9. h3 Qxb3 10. axb3 Ne4 11. cxd5 Nxd2 12. Kxd2 cxd5 13. Bb5 O-O 14. Rhc1
a6 15. Be2 Rfc8 16. g4 Be6 17. Ng5 Nf8 18. Bf3 h6 19. Nxe6 Nxe6 20. Bh2 Rd8 21.
Ra5 Ng5 22. Bg2 b6 23. Raa1 e5 24. Bxe5 Bxe5 25. dxe5 Ne4+ 26. Ke2 Nc5 27. Rc3
Ra7 28. Rd1 Rad7 29. b4 d4 30. Rxd4 Rxd4 31. exd4 Ne6 32. d5 Nf4+ 33. Kf1 Nxg2
34. Kxg2 Rxd5 35. e6 fxe6 36. Rc6 Rb5 37. Rxe6 Kf7 38. Re4 a5 39. bxa5 bxa5 40.
Re2 Kf6 41. Kg3 h5 42. f3 hxg4 43. hxg4 g5 44. Rc2 Kg6 45. Kf2 Rb3 46. Kg3 Rb6
47. Rc5 Rxb2 48. Rxa5 Rc2 49. Re5 Rb2 50. Re1 Ra2 51. Rf1 Rb2 52. Rf2 Rb1 53.
Rd2 Kf6 54. Rd6+ Kg7 55. Kf2 Rb3 56. Ke2 Ra3 57. Rd3 Ra7 58. Rd5 Kg6 59. Ke3 Re7+
60. Kd4 Rf7 61. Ke4 1/2-1/2

[Event "III  Wielkopolska  Liga  Seniorow   2013/2014"]
[Site "Wielkopolska "]
[Date "1899-12-30"]
[Round "2.32"]
[White "Przybylski, Bartosz"]
[Black "Meczynski, Waldemar"]
[Result "0-1"]
[WhiteTitle "I+"]
[BlackTitle "k"]
[WhiteElo "2105"]
[BlackElo "2129"]

1. e4 c5 2. Nf3 e6 3. Nc3 Nc6 4. Bb5 Nd4 5. Nxd4 cxd4 6. Ne2 a6 7. Bd3 Bc5 8. O-O
b5 9. c3 dxc3 10. bxc3 Bb7 11. Bc2 d6 12. d4 Ba7 13. Nf4 Nf6 14. Qe2 Qc7 15. Bb2
e5 16. Nh3 O-O 17. Kh1 Bc8 18. Ng1 Bg4 19. f3 Bh5 20. Bd3 Rab8 21. Rac1 Qa5 22.
a3 Rfe8 23. Nh3 Bg6 24. d5 Nd7 25. Bb1 Nc5 26. Rce1 Na4 27. Rc1 Nxb2 28. Qxb2
Bc5 29. Qe2 Bxa3 30. Rc2 Bc5 31. Ra2 Qxc3 32. Rxa6 b4 33. Nf2 b3 34. Nd1 Qb4 35.
Nb2 Rf8 36. Ra4 Qb7 37. Nc4 Qb5 38. Ra5 Qb4 39. Ra6 f5 40. Nd2 fxe4 41. Nxe4 b2
42. g4 Be8 43. Ng5 g6 44. Qc2 Qb5 45. Qd3 Qxd3 46. Bxd3 Bb5 47. Bxb5 Rxb5 48.
Rb1 Bd4 49. Ne6 Rc8 50. Kg2 Rc1 0-1

[Event "III  Wielkopolska  Liga  Seniorow   2013/2014"]
[Site "Wielkopolska "]
[Date "1899-12-30"]
[Round "2.33"]
[White "Walaszczyk, Witold"]
[Black "Duszczak, Dariusz"]
[Result "1-0"]
[WhiteTitle "k"]
[BlackTitle "I"]
[WhiteElo "2151"]
[BlackElo "1961"]

1. d4 f5 2. Bg5 Nf6 3. Nc3 d5 4. e3 e6 5. a3 Be7 6. Bxf6 Bxf6 7. Bd3 O-O 8. Qd2
Nd7 9. Nge2 c6 10. g4 Bh4 11. O-O-O Nf6 12. gxf5 exf5 13. f3 Qe7 14. Ng3 g6 15.
Rde1 b5 16. Qg2 b4 17. axb4 Qxb4 18. Qh3 Bg5 19. f4 Ne4 20. fxg5 Nxc3 21. bxc3
Qxc3 22. Ne2 Qa3+ 23. Kd2 Qb4+ 24. c3 Qb2+ 25. Bc2 f4 26. Qf3 Bf5 27. Rc1 Be4
28. Qh3 fxe3+ 29. Kd1 Bf3 30. Qe6+ Rf7 31. Rf1 Bxe2+ 32. Kxe2 Raf8 33. Rxf7 Rxf7
34. Qxe3 Qb8 35. Qg3 Re7+ 36. Kd2 Qf8 37. Rb1 Qf7 38. Bd3 Re8 39. h4 Rf8 40. Rf1
Qe7 41. Qe5 Qxe5 42. dxe5 Re8 43. Rf6 Rxe5 44. Rxc6 h6 45. Rxg6+ 1-0

[Event "III  Wielkopolska  Liga  Seniorow   2013/2014"]
[Site "Wielkopolska "]
[Date "1899-12-30"]
[Round "2.34"]
[White "Plonczak, Mateusz"]
[Black "Swiatnicki, Andrzej"]
[Result "0-1"]
[WhiteTitle "I"]
[BlackTitle "k"]
[WhiteElo "1936"]
[BlackElo "2116"]

1. d4 d5 2. c4 c6 3. Nc3 Nf6 4. Nf3 Qb6 5. c5 Qc7 6. e3 Bg4 7. Be2 Nbd7 8. O-O
e6 9. b4 Be7 10. Bb2 O-O 11. Nd2 Bxe2 12. Nxe2 Rfe8 13. Nf3 Ne4 14. Nd2 Nxd2 15.
Qxd2 Nf6 16. Ng3 h5 17. f3 Rad8 18. Bc3 Rd7 19. Rfb1 h4 20. Nf1 Nh5 21. b5 Bf6
22. f4 g5 23. Ba5 Qc8 24. Qe2 Ng7 25. fxg5 Bxg5 26. Qg4 f6 27. bxc6 Qxc6 28. Rb2
Nf5 29. Rab1 Rg7 30. Qf3 Ree7 31. Kh1 Rg6 32. Be1 Reg7 33. Bf2 Nh6 34. g3 hxg3
35. Nxg3 f5 36. Nh5 Rh7 37. Bg3 Ng4 38. Nf4 Rgh6 39. Rc2 Qa6 40. Rbb2 Qa3 41.
c6 bxc6 42. Rb8+ Kf7 43. Rbb2 Be7 44. Rb3 Nxh2 45. Bxh2 Rxh2+ 46. Kg1 0-1

[Event "III  Wielkopolska  Liga  Seniorow   2013/2014"]
[Site "Wielkopolska "]
[Date "1899-12-30"]
[Round "2.35"]
[White "Smagalski, Slawomir"]
[Black "Zgarda, Jakub"]
[Result "1-0"]
[WhiteTitle "I+"]
[BlackTitle "I"]
[WhiteElo "2009"]
[BlackElo "1850"]

1. Nf3 c5 2. c4 g6 3. g3 Bg7 4. Bg2 Nc6 5. O-O d6 6. Nc3 e5 7. d3 Nge7 8. Bd2 O-O
9. a3 a5 10. Rb1 Rb8 11. Qc2 Bd7 12. Nb5 Nc8 13. b4 axb4 14. axb4 b6 15. Rb3 Re8
16. Rfb1 Nd4 17. Nfxd4 exd4 18. bxc5 bxc5 19. Bf4 Be5 20. Bc1 Rb6 21. Bf3 h5 22.
Bd2 h4 23. Ba5 hxg3 24. hxg3 Qg5 25. Kg2 Rb8 26. Bd2 Qf6 27. Nc7 Ba4 28. Na6 Bxb3
29. Qxb3 Kg7 30. Rh1 g5 31. Nc7 Rh8 32. Rxh8 Kxh8 33. Qxb8 Qf5 34. Bb7 1-0

[Event "III  Wielkopolska  Liga  Seniorow   2013/2014"]
[Site "Wielkopolska "]
[Date "1899-12-30"]
[Round "2.36"]
[White "Zieta, Zuzanna"]
[Black "Swiatnicka, Malgorzata"]
[Result "0-1"]
[WhiteTitle "II"]
[BlackTitle "I"]
[WhiteElo "1307"]
[BlackElo "1841"]

1. e4 e5 2. Nf3 Nf6 3. Nc3 Nc6 4. d4 exd4 5. Nxd4 Bb4 6. Nxc6 bxc6 7. Bd2 O-O 8.
Qf3 d5 9. exd5 Re8+ 10. Be2 Bg4 11. Qd3 Bxc3 12. Qxc3 Rxe2+ 13. Kf1 Ne4 14. Qa3
Rxf2+ 15. Kg1 Rxd2 16. h3 Qh4 17. Qe3 Bh5 18. Rf1 Re2 19. Qf4 Qxf4 20. Rxf4 Ng3
21. Rh2 Rae8 22. Rh1 Re1+ 23. Kh2 Nxh1 24. Rb4 Nf2 25. Kg3 Rf1 26. dxc6 g5 27.
Rb3 f5 28. Kh2 Rh1+ 29. Kg3 f4+ 0-1

[Event "III  Wielkopolska  Liga  Seniorow   2013/2014"]
[Site "Wielkopolska "]
[Date "1899-12-30"]
[Round "3.1"]
[White "Staniszewski, Pawel"]
[Black "Mocny, Tomasz"]
[Result "1-0"]
[WhiteTitle "k"]
[BlackTitle "I"]
[WhiteElo "2151"]
[BlackElo "1920"]

1. d4 Nf6 2. Nf3 d5 3. c4 c6 4. Nc3 e6 5. Bg5 Be7 6. e3 Nbd7 7. cxd5 exd5 8. Bd3
O-O 9. O-O Re8 10. Qc2 h6 11. Bf4 b6 12. Nb5 Bb7 13. Nc7 g5 14. Bg3 Nh5 15. Nxe8
Qxe8 16. Bf5 Ng7 17. Rac1 f6 18. a3 Nf8 19. Bd3 Qf7 20. e4 dxe4 21. Bxe4 f5 22.
Ne5 Qe6 23. Bxc6 Rc8 24. d5 Qf6 25. f4 Ba6 26. Rfe1 Nh5 27. Qa4 gxf4 28. Bf2 Bb7
29. Nf3 Bxc6 30. Rxc6 Rxc6 31. Qxc6 Bd6 32. Bd4 Qg6 33. b4 Ng7 34. Be5 Ne8 35.
Qb7 Bxe5 36. Rxe5 Nf6 37. Qxa7 N6d7 38. Re1 Qd6 39. Qa8 Nf6 40. Qc6 Qd8 41. d6
Ne4 42. Qd5+ Kg7 43. Qxf5 Nf6 44. Re7+ Kg8 45. Qxf6 1-0

[Event "III  Wielkopolska  Liga  Seniorow   2013/2014"]
[Site "Wielkopolska "]
[Date "1899-12-30"]
[Round "3.2"]
[White "Pilzak, Marcin"]
[Black "Swiatek, Bartosz"]
[Result "1-0"]
[WhiteTitle "I"]
[BlackTitle "I+"]
[WhiteElo "1823"]
[BlackElo "2066"]

1. e4 c5 2. Nf3 d6 3. d4 cxd4 4. Nxd4 Nf6 5. Nc3 a6 6. Bg5 e6 7. f4 Be7 8. Qf3
Qc7 9. O-O-O Nbd7 10. g4 b5 11. Bxf6 Bxf6 12. Bxb5 Rb8 13. Bxd7+ Bxd7 14. Qd3
Rb6 15. g5 Be7 16. h4 O-O 17. f5 Rfb8 18. Rhf1 Qc5 19. fxe6 fxe6 20. Nb3 Qe5 21.
Rf2 Be8 22. Qf3 a5 23. Rdf1 g6 24. a4 Rb4 25. Kb1 Rd8 26. Qe3 Rd7 27. Qd3 Rdb7
28. Rf4 Qg7 29. R4f3 Bc6 30. Qa6 R7b6 31. Qc8+ Be8 32. Qxe8+ 1-0

[Event "III  Wielkopolska  Liga  Seniorow   2013/2014"]
[Site "Wielkopolska "]
[Date "1899-12-30"]
[Round "3.3"]
[White "Kaluzny, Lukasz"]
[Black "Fularz, Maciej"]
[Result "1/2-1/2"]
[WhiteTitle "I+"]
[BlackTitle "I"]
[WhiteElo "1979"]
[BlackElo "2007"]

1. d4 d5 2. Nf3 Nf6 3. Bf4 c5 4. c3 Nc6 5. e3 Qb6 6. Qb3 c4 7. Qxb6 axb6 8. Nbd2
b5 9. Be2 h6 10. h3 Bf5 11. O-O b4 12. Ne5 bxc3 13. bxc3 e6 14. Bf3 Nxe5 15. dxe5
Ne4 16. Bxe4 Bxe4 17. Nxe4 dxe4 18. a4 b6 19. Rfb1 Bc5 20. a5 Kd7 21. axb6 Rxa1
22. Rxa1 Bxb6 23. Ra4 Rc8 24. Kf1 h5 25. Ke2 Rc5 26. f3 exf3+ 27. gxf3 Kc6 28.
e4 Kb5 29. Rb4+ Kc6 30. Be3 Rb5 31. Rxc4+ Kd7 32. Rb4 Rxb4 33. cxb4 Bc7 34. f4
Kc6 35. Bc5 Kb5 36. Kf3 g6 37. Bd6 Bd8 38. f5 Kc4 39. f6 Bb6 40. Kf4 Bd4 41. Kf3
Bc3 42. Ke3 g5 43. Kf3 Bxb4 44. Ke3 Bc3 45. Bc7 Bb2 46. Bd6 Bc1+ 47. Kf3 Kd4 48.
Bc7 Bd2 49. Bd6 Bc1 50. Bc7 Kd3 51. Bd6 Bb2 52. Bc7 Bc1 53. Bd6 h4 54. Bc7 Bf4
55. Bb8 Kd4 56. Ba7+ Kxe5 57. Bb8+ Kxf6 58. Bxf4 gxf4 59. Kxf4 Kg6 60. Kg4 e5
61. Kxh4 f5 62. exf5+ Kxf5 63. Kg3 e4 64. Kf2 Kg5 65. Ke3 Kh4 66. Kxe4 Kxh3 1/2-1/2

[Event "III  Wielkopolska  Liga  Seniorow   2013/2014"]
[Site "Wielkopolska "]
[Date "1899-12-30"]
[Round "3.5"]
[White "Kaluzny, Tomasz"]
[Black "Szymkowiak, Damian"]
[Result "1-0"]
[WhiteTitle "I"]
[BlackTitle "II"]
[WhiteElo "1778"]
[BlackElo "1619"]

1. c4 c5 2. Nf3 Nc6 3. d4 cxd4 4. Nxd4 g6 5. g3 Bg7 6. Nb3 Nf6 7. Bg2 O-O 8. O-O
d6 9. Nc3 Be6 10. Nd2 Qd7 11. b3 Bh3 12. Bb2 Bxg2 13. Kxg2 Ne5 14. Qc2 Rac8 15.
Nde4 Qc6 16. Rad1 Rfd8 17. Kg1 Nfg4 18. h3 Nf6 19. Nxf6+ Bxf6 20. Nd5 Bg7 21.
Qd2 Qd7 22. Kg2 e6 23. Nc3 Re8 24. f4 Nc6 25. e4 a6 26. e5 Bf8 27. Ne4 Bg7 28.
exd6 f5 29. Nc5 Qf7 30. Bxg7 Kxg7 31. d7 Rc7 32. Qd6 Rxd7 33. Nxd7 Nb8 34. Qe5+
Kh6 35. Nxb8 1-0

[Event "III  Wielkopolska  Liga  Seniorow   2013/2014"]
[Site "Wielkopolska "]
[Date "1899-12-30"]
[Round "3.6"]
[White "Glapa, Anna"]
[Black "Cholewa, Maria"]
[Result "0-1"]
[WhiteTitle "I++"]
[BlackTitle "I++"]
[WhiteElo "1678"]
[BlackElo "1861"]

1. e4 e5 2. Nf3 Nc6 3. Bb5 Bc5 4. O-O Nge7 5. c3 a6 6. Ba4 b5 7. Bc2 Bb6 8. d4
exd4 9. cxd4 d5 10. Re1 O-O 11. Nc3 dxe4 12. Bxe4 Bf5 13. d5 Bxe4 14. Rxe4 Na5
15. b3 Nb7 16. Bb2 Nd6 17. Re2 Ng6 18. Ne5 Nxe5 19. Rxe5 Bxf2+ 20. Kh1 Re8 21.
Rxe8+ Qxe8 22. Qg4 f5 23. Qg5 h6 24. Qf4 Be3 25. Qg3 f4 26. Qg4 Qf7 27. Rf1 h5
28. Qf3 Re8 29. h3 Nf5 30. Kh2 Qg6 31. Qd1 Nh4 32. Rg1 Bxg1+ 33. Qxg1 Qg3+ 34.
Kh1 Re1 0-1

[Event "III  Wielkopolska  Liga  Seniorow   2013/2014"]
[Site "Wielkopolska "]
[Date "1899-12-30"]
[Round "3.7"]
[White "Niedbala, Wojciech"]
[Black "Kozlowski, Tomasz"]
[Result "1-0"]
[WhiteTitle "I"]
[BlackTitle "I++"]
[WhiteElo "1803"]
[BlackElo "1932"]

1. e4 e5 2. Nf3 Nc6 3. Nc3 Nf6 4. d4 exd4 5. Nxd4 Bb4 6. Nxc6 Bxc3+ 7. bxc3 bxc6
8. Bd3 O-O 9. O-O Re8 10. Bg5 h6 11. Bh4 g5 12. Bg3 Nxe4 13. Qh5 Kg7 14. Rae1
Nf6 15. Qf3 d6 16. Qxc6 Bd7 17. Qc4 Be6 18. Qd4 Bd5 19. Rxe8 Qxe8 20. c4 Bb7 21.
f4 c5 22. Qc3 Qe3+ 23. Kh1 g4 24. Re1 Qd4 25. Qxd4 cxd4 26. Bf2 Kf8 27. Bxd4 Nh5
28. Rf1 a6 29. Kg1 Re8 30. g3 Ng7 31. f5 Rc8 32. Be3 h5 33. Bh6 f6 34. Re1 Rc7
35. Re6 Bc8 36. Rxf6+ Rf7 37. Rxd6 Ke7 38. Rd5 Nxf5 39. Bg5+ Ke6 1-0

[Event "III  Wielkopolska  Liga  Seniorow   2013/2014"]
[Site "Wielkopolska "]
[Date "1899-12-30"]
[Round "3.8"]
[White "Joachimiak, Roman"]
[Black "Jarmuzek, Karolina"]
[Result "1-0"]
[WhiteTitle "I"]
[BlackTitle "I+"]
[WhiteElo "2038"]
[BlackElo "1685"]

1. e4 c5 2. g3 g6 3. Bg2 Bg7 4. Ne2 Nc6 5. c3 e5 6. Na3 d6 7. O-O Nge7 8. d3 O-O
9. Bg5 h6 10. Be3 Rb8 11. Qd2 Kh7 12. Rad1 f5 13. f4 b6 14. Nc2 Qc7 15. d4 Na5
16. b3 c4 17. b4 Nb7 18. d5 Bd7 19. fxe5 Bxe5 20. Bxh6 Rh8 21. Ncd4 Nd8 22. Bg5
Bc8 23. Nf3 Bg7 24. e5 Nf7 25. e6 Nxg5 26. Nxg5+ Kg8 27. Nf7 Rh7 28. Qf4 Be5 29.
Nxe5 dxe5 30. Qg5 Qd6 31. Rxf5 Nxf5 32. Qxg6+ Ng7 33. Be4 Bxe6 34. Qxh7+ Kf8 35.
Rf1+ Bf7 36. Qh8+ Ke7 37. Qxg7 Rf8 38. g4 Qd7 39. Ng3 1-0

[Event "III  Wielkopolska  Liga  Seniorow   2013/2014"]
[Site "Wielkopolska "]
[Date "1899-12-30"]
[Round "3.9"]
[White "Wojciechowski, Antoni"]
[Black "Tomczak, Michal"]
[Result "1-0"]
[WhiteTitle "II+"]
[BlackTitle "I+"]
[WhiteElo "1520"]
[BlackElo "2010"]

1. d4 c5 2. d5 Nf6 3. c4 e6 4. Nc3 exd5 5. cxd5 Bd6 6. e4 O-O 7. Bd3 Re8 8. Nge2
Be5 9. O-O d6 10. f4 Bxc3 11. Nxc3 Qb6 12. Kh1 Bg4 13. Qe1 Bf5 14. Rf3 Nbd7 15.
Re3 Ng4 16. Re2 c4 17. Bc2 Ndf6 18. h3 Bxe4 19. Nxe4 Nxe4 20. Bxe4 Rxe4 21. hxg4
Rxe2 22. Qxe2 Kf8 23. Be3 Qb4 24. Qd2 Qa4 25. a3 Qd7 26. f5 Rd8 27. Re1 a6 28.
Bf4 Rc8 29. Qb4 Rc5 30. Qd2 b5 31. Qd4 Qd8 32. f6 gxf6 33. g5 Kg7 34. gxf6+ Qxf6
35. Qxf6+ Kxf6 36. Bxd6 Rxd5 37. Bb4 Rd7 38. Kh2 h6 39. Re8 Ra7 40. Kg3 Rc7 41.
Kf4 Rc6 42. Kg4 Kg7 43. Bc3+ f6 44. Bd4 Rd6 45. Bc3 Kf7 46. Re4 Kg6 47. Kf4 h5
48. Re3 Rc6 49. Rg3+ Kf7 50. Bb4 Re6 51. Re3 Rc6 52. Kf5 a5 53. Re7+ Kg8 54. Bxa5
1-0